<?xml version="1.0" encoding="UTF-8"?>
<record
    xmlns:xsi="http://www.w3.org/2001/XMLSchema-instance"
    xsi:schemaLocation="http://www.loc.gov/MARC21/slim http://www.loc.gov/standards/marcxml/schema/MARC21slim.xsd"
    xmlns="http://www.loc.gov/MARC21/slim">

  <leader>01068nam a2200229Ia 4500</leader>
  <controlfield tag="003">OSt</controlfield>
  <controlfield tag="005">20241109105242.0</controlfield>
  <controlfield tag="008">210210b2002   xxu||||| |||| 00| 0 eng d</controlfield>
  <datafield tag="040" ind1=" " ind2=" ">
    <subfield code="c">AL</subfield>
  </datafield>
  <datafield tag="041" ind1=" " ind2=" ">
    <subfield code="a">Kannada</subfield>
  </datafield>
  <datafield tag="082" ind1=" " ind2=" ">
    <subfield code="a">954.871K UMAV</subfield>
  </datafield>
  <datafield tag="100" ind1=" " ind2=" ">
    <subfield code="a">UMANATHA SHENOY (Y) mattu ITHARARU</subfield>
    <subfield code="9">183796</subfield>
    <subfield code="d">&#xC89;&#xCAE;&#xCBE;&#xCA8;&#xCBE;&#xCA5; &#xCB6;&#xCC6;&#xCA3;&#xCC8; (&#xCB5;&#xCC8;) &#xCAE;&#xCA4;&#xCCD;&#xCA4;&#xCBF;&#xCA4;&#xCB0;&#xCB0;&#xCC1;</subfield>
  </datafield>
  <datafield tag="245" ind1=" " ind2=" ">
    <subfield code="a">Venurina aithihasika smarakagala sarvekshane mattu adhyayana</subfield>
    <subfield code="b">&#xCB5;&#xCC7;&#xCA3;&#xCC2;&#xCB0;&#xCBF;&#xCA8; &#xC90;&#xCA4;&#xCBF;&#xCB9;&#xCBE;&#xCB8;&#xCBF;&#xC95; &#xCB8;&#xCCD;&#xCAE;&#xCBE;&#xCB0;&#xC95;&#xC97;&#xCB3; &#xCB8;&#xCB0;&#xCCD;&#xCB5;&#xCC7;&#xC95;&#xCCD;&#xCB7;&#xCA3;&#xCC6; &#xCAE;&#xCA4;&#xCCD;&#xCA4;&#xCC1; &#xC85;&#xCA7;&#xCCD;&#xCAF;&#xCAF;&#xCA8;  </subfield>
  </datafield>
  <datafield tag="260" ind1=" " ind2=" ">
    <subfield code="a">Ujire</subfield>
    <subfield code="b">Shri Dharmasthala Manjunatheshvara Kaleju</subfield>
    <subfield code="c">2002</subfield>
  </datafield>
  <datafield tag="300" ind1=" " ind2=" ">
    <subfield code="a">37</subfield>
  </datafield>
  <datafield tag="520" ind1=" " ind2=" ">
    <subfield code="a">The Project Report of  "The Survey of Historical Monuments at Venur and their Study" prepare and presented by Final year B.A. students of the Department of History, Sri Dharmathala Manjunatheswara College, Ujire, D.K.</subfield>
  </datafield>
  <datafield tag="650" ind1=" " ind2=" ">
    <subfield code="a">Venuru</subfield>
    <subfield code="9">183797</subfield>
  </datafield>
  <datafield tag="650" ind1=" " ind2=" ">
    <subfield code="a">South Kanara /South Canara</subfield>
    <subfield code="9">183805</subfield>
  </datafield>
  <datafield tag="690" ind1=" " ind2=" ">
    <subfield code="a">Dakshina Kannada</subfield>
    <subfield code="9">183804</subfield>
  </datafield>
  <datafield tag="906" ind1=" " ind2=" ">
    <subfield code="a">058924</subfield>
  </datafield>
  <datafield tag="942" ind1=" " ind2=" ">
    <subfield code="2">ddc</subfield>
    <subfield code="c">BK</subfield>
  </datafield>
  <datafield tag="999" ind1=" " ind2=" ">
    <subfield code="c">105860</subfield>
    <subfield code="d">105860</subfield>
  </datafield>
  <datafield tag="952" ind1=" " ind2=" ">
    <subfield code="0">0</subfield>
    <subfield code="1">0</subfield>
    <subfield code="2">ddc</subfield>
    <subfield code="4">0</subfield>
    <subfield code="7">4</subfield>
    <subfield code="8">HIS</subfield>
    <subfield code="a">AL</subfield>
    <subfield code="b">AL</subfield>
    <subfield code="d">2021-02-17</subfield>
    <subfield code="e">Shri Dharmasthala Manjunatheshvara Kaleju, Ujire</subfield>
    <subfield code="g">15.00</subfield>
    <subfield code="l">0</subfield>
    <subfield code="o">954.871K UMAV</subfield>
    <subfield code="p">058924</subfield>
    <subfield code="r">2021-02-17 00:00:00</subfield>
    <subfield code="w">2021-02-17</subfield>
    <subfield code="y">BK</subfield>
  </datafield>
  <datafield tag="952" ind1=" " ind2=" ">
    <subfield code="0">0</subfield>
    <subfield code="1">0</subfield>
    <subfield code="4">0</subfield>
    <subfield code="7">0</subfield>
    <subfield code="8">History</subfield>
    <subfield code="a">AL</subfield>
    <subfield code="b">AL</subfield>
    <subfield code="c">History</subfield>
    <subfield code="d">2021-02-17</subfield>
    <subfield code="e">Shri Dharmasthala Manjunatheshvara Kaleju, Ujire</subfield>
    <subfield code="g">15.00</subfield>
    <subfield code="l">0</subfield>
    <subfield code="o">954.871K UMAV</subfield>
    <subfield code="p">058925</subfield>
    <subfield code="r">2021-02-17 00:00:00</subfield>
    <subfield code="w">2021-02-17</subfield>
    <subfield code="y">BK</subfield>
  </datafield>
</record>
